| 000 | 00832nam a22001577a 4500 | ||
|---|---|---|---|
| 003 | OSt | ||
| 005 | 20151211160509.0 | ||
| 008 | 151211b xxu||||| |||| 00| 0 eng d | ||
| 040 | _cRUA | ||
| 082 | _aATMs THA 2004 B210 Or.1 | ||
| 100 |
_94730 _aTHAI KIMSONG; ថៃ គឹមសុង |
||
| 245 | _aPercepts of people on improving measurement of community forestry at bosthom village, khna pour commune, south nikhorm district, siem rreap province, ទស្សនៈរបស់ប្រជាជនលើវិធានការកែលំអព្រៃឈើសហគមន៍ នៅភូមិបុស្សធំ ឃុំខ្នាពោធិ ស្រុកសូត្រនិគម ខេត្តសៀមរាប, | ||
| 260 |
_aPhnom Penh _bRUA _c2004 |
||
| 300 |
_avii; 52p. _bill. _c29cm. |
||
| 942 |
_2ddc _cATMSP |
||
| 999 |
_c4409 _d4409 |
||